000 01122cam a2200325 a 4500
001 12459628
003 ARRUPE
005 20160928121143.0
008 010504s2000 rh b b 000 0 eng
010 _a 2001295222
020 _a1779051115
035 _a(DLC) 200129522
040 _aDLC
_cDLC
042 _alcode
043 _af-sa---
050 0 0 _aHC905.Z9
_bP6198 1998
100 1 _aSetai, Bethuel.
_926333
245 1 4 _aThe making of poverty in South Africa /
_cB. Setai.
260 _aMount Pleasant, Harare, Zimbabwe :
_bSAPPHO,
_c1998.
300 _aiii, 182 p. :
_bmaps ;
_c21 cm.
440 0 _aSouthern Africa specialised studies series
_923046
500 _a"Southern Africa Regional Institute for Policy Studies"--Ser. t.p.
504 _aIncludes bibliographical references.
650 0 _aPoverty
_zSouth Africa
_xHistory.
_926334
651 0 _aSouth Africa
_xEconomic conditions.
_921702
710 2 _aSouthern Africa Regional Institute for Policy Studies.
_923050
906 _a7
_bcbc
_corigode
_d3
_encip
_f20
_gy-gencatlg
942 _2lcc
_cMONOGRAPH
999 _c125395
_d125395